000
00199 a2200097 4500
001
29819
100
_a
Hopgood
245
_a
Compiling Techniques
260
_a
_b
Macdonald
_c
090
_c
19835
_d
19835
942
_a
NUST-CAE
_c
M
_c
10930
999
_c
264892
_d
264892